000 01063nam a2200253 a 4500
001 BRCA_6404
005 20190320205436.0
008 080911s1969----gw-a######---#000-0#ger-#
041 _ager
044 _agw
050 4 _aN8640
_b.A95 1969
245 1 0 _aAuktion 164. AM29. UND30. MAI 1969
_bI. Wertvolle Bücher Autographen. II. Die Bibliothek Carl Merck.
260 _aHamburgo, Alemania
_bDr. Ernst Hauswedell
_c1969
300 _a194 p.
_bil.
_c24 cm.
_ehoja de órdenes para la adquisición de un libro por Franz Mayer
500 _aBesichtigung in Hamburg: Freitag, 23. und Dienstag, 27. Mai, 10-15 Uhr Mittwoch, 28. Mai 10-15 Uhr (nur für Auswärtige)
500 _aHay títulos de libros seleccionados (por medio de una línea) por Franz Mayer
500 _aCatálogo de subasta inventariado por Banco de México como libro
500 _aCDE19
610 2 4 _aDr. Ernst Hauswedell
_vCatálogos
_916015
650 1 4 _aLibros antiguos
_vSubastas
_xCatálogos
_916016
650 1 4 _aGrabados
_vSubastas
_xCatálogos
_916017
902 _aGFM
942 _2lcc
_cB
999 _c6089
_d6089